Responses for show #1144 - Thursday, July 20, 1989

1989 Senior Tournament final game 1.

Contestants

Bob Drez, a teacher from Hattiesburg, Mississippi

Ouida Rellstab, a teacher from New Orleans, Louisiana

Jim Friguglietti, a college professor from Billings, Montana

Jeopardy! Round responses

MYTHOLOGY
PROVERBS
THE ENVIRONMENT
ACTORS OF THE PAST
SING "OUT"
THE FIVE & DIME
    $100 3
Midas

Jim
    $100 17
"As you make your bed"

Bob
    $100 16
the Amazon

Jim
    $100 1
he was knighted

Triple Stumper
    $100 8
I Get A Kick Out Of You

Ouida
    $100 26
Woolworth

Bob
    $200 4
Clio

Jim
    $200 18
death

Ouida
    $200 22
asbestos

Ouida
    $200 2
Lillie Langtry

Ouida
    $200 9
You Stepped Out Of A Dream

Jim
    $600 27
(Bob: What is Kroger?)

Kresge

Bob
    $300 5
Nike

Ouida
    $300 19
the pearly gate (Heaven's gate)

Bob
    $300 23
Dutch elm disease

Ouida
    $300 10
Thespis

Jim
    $300 13
turn out the lights (put out the lights)

Ouida
    $300 28
pipe cleaners

Ouida
    $400 6
Calypso

Ouida
    $400 20
accidents

Triple Stumper
    $400 24
the ozone layer

Ouida
    $400 11
(Bob: Who is Mary Martin?)
(Ouida: Who is Maude Alans?)

Maude Adams

JimOuidaBob
    $400 14
Going Out Of My Head

Triple Stumper
    $500 7
Hero

Ouida
    $500 21
coronets

Bob
    $500 25
seals

Jim
    $500 12
(Ouida: Who is Ellen Terry?)

Mrs. Patrick Campbell

Ouida
Triple Stumper
    $500 15
Reach Out And Touch Somebody's Hand

Triple Stumper

Scores at the first commercial break (after clue 13):

Jim Ouida Bob
$1,200 $900 -$400

Scores at the end of the Jeopardy! Round:

Jim Ouida Bob
$1,800 $2,300 $0

Double Jeopardy! Round responses

4-LETTER WORDS
BOTANY
U.S.HISTORY
CLASSICAL MUSICIANS
WORLD GEOGRAPHY
LITERARY TERMS
    $200 18
Yule

Jim
    $200 11
tulips

Jim
    $200 12
the Liberty Bell

Ouida
    $200 26
Yo-Yo Ma

Bob
    $200 1
Asia

Jim
    $200 3
a trilogy

Ouida
    $400 22
(Bob: [Answer unheard. Check back.]

yawn

OuidaBob
    $400 13
eucalyptus

Jim
    $400 14
the League of Nations

Ouida
    $400 27
(Ouida: [Wrong answer, etc.]

Itzhak Perlman

Ouida
Triple Stumper
    $400 2
Bangladesh

Ouida
    $400 4
blank verse

Ouida
    $600 23
epee & foil

Ouida
    $600 15
Walter Knott

Triple Stumper
    $600 19
Princeton

Jim
    $1,000 28
(Bob: [no answer, double check wager???]

Paganini

Bob
    $600 8
(Ouida: [answer hard to hear, check back.]

Sumatra and Java (Celebes and Borneo)

OuidaBob
    $1,300 5
magnum opus

Ouida
    $800 24
hawk

Ouida
    $800 16
smut

Ouida
    $800 20
Farragut

Bob
    $800 29
Galway

Bob
    $800 9
(Jim: What is Kenya?)

Tanzania

JimOuida
    $800 6
a canon

Jim
    $1000 25
nave

Ouida
    $1000 17
pollenation

Triple Stumper
    $1000 21
(Tongsun) Park

Ouida
    $1000 10
Honduras

Triple Stumper
    $1000 7
the Apocrypha

Bob

Scores at the end of the Double Jeopardy! Round:

Jim Ouida Bob
$3,400 $9,600 $2,000

Final Jeopardy! Round responses

MONARCHS
BobWho is Richard the Lion-Hearted?
$1,500
JimWho was King Richard the Lion Hearted?
$3,000
OuidaWho is Alex.
$2,801
Richard the Lionhearted

Final scores:

Jim Ouida Bob
$6,400 $6,799 $3,500

Game dynamics:

Coryat scores:

Jim Ouida Bob
$3,400 $8,900 $3,600
13 R,
1 W
24 R
(including 1 DD),
4 W
9 R,
4 W
(including 2 DDs)

Combined Coryat: $15,900

The J! Archive is created by fans, for fans. The Jeopardy! game show and all elements thereof, including but not limited to copyright and trademark thereto, are the property of Jeopardy Productions, Inc. and are protected under law. This website is not affiliated with, sponsored by, or operated by Jeopardy Productions, Inc. Join the discussion at JBoard.tv.